Η υπό Eduard Spranger αξιολόγησις των επιδιώξεων της εκπαιδ. μεταρρυθμίσεως

Αποθηκεύτηκε σε:
Λεπτομέρειες βιβλιογραφικής εγγραφής
Κύριος συγγραφέας: Σακελλάρης, Κωνσταντίνος Ι.
Μορφή: Βιβλίο
Γλώσσα:Greek
Δημοσίευση: Αθήναι : Χριστιανική Ένωση Εκπαιδευτικών Λειτουργών, 1966
Θέματα:
Ετικέτες: Προσθήκη ετικέτας
Δεν υπάρχουν, Καταχωρήστε ετικέτα πρώτοι!

MARC

LEADER 00000cam a2200000 i 4500
001 1/88760
008 080612s1966 gre d
035 |l 10098188 
040 |a GR-MY-UA  |b gre  |e aacr 
041 0 |a gre 
082 0 |a 370  |2 (22) 
100 1 |a Σακελλάρης, Κωνσταντίνος Ι. 
245 1 2 |a Η υπό Eduard Spranger αξιολόγησις των επιδιώξεων της εκπαιδ. μεταρρυθμίσεως /  |c Κωνσταντίνου Ι. Σακελλάρη 
260 |a Αθήναι :   |b Χριστιανική Ένωση Εκπαιδευτικών Λειτουργών,   |c 1966 
300 |a 27 σ.;  |c 24 εκ. 
600 1 0 |a Spranger, Eduard,   |d 1882-1963. 
650 0 0 |a Educational change. 
650 0 0 |a Educational innovations. 
852 |a INST  |b RHODES  |c AKA  |e 20080612  |h  370 ΣΑΚ  |p 005400027990  |q 005400027990  |t BK  |y 0 
852 |a INST  |b RHODES  |c AKA  |e 20081110  |h  370 ΣΑΚ  |p 005400031114  |q 005400031114  |t BK  |y 0 
901 |a BIBL4-2008-2 
909 |a Ρ  |b 150641 
909 |a Ρ  |b 153559 
970 |a ΧΑΡΙΟΠΟΛΙΤΟΥ  |b ΚΩΝΣΤΑΝΤΙΝΑ  |z 2008/06/12